000 00837nam a22001817a 4500
003 UA-OsUOA
001 11141
007 ta
008 20050223b un ||||| |||| 00| 0 ukr d
100 _aРачок П.
942 _cSA
040 _aUA-OsUOA
_cUA-OsUOA
_dUA-OsUOA
245 _aАбсолютний чемпіон України з Березного
_b[Тренер Березнів. район. ДЮСШ ФСТ "Колос" виступаючи на відкритій першості м. Києва і Кубку України із зимового поліатлону Олександр Білера завоював звання абсолют. чемпіона]
300 _aС.2
955 _a0
773 0 _w0
_tВісті Рівненщини
_dРівне
_d2005
_g№14/18 лют./
650 7 _aБілера О.
_2UDC
999 _c297302
_d297302